| 000 | 00800nas a2200241 4500 | ||
|---|---|---|---|
| 001 | BR0810194 | ||
| 003 | BR-BrBNA | ||
| 005 | 20231205112920.0 | ||
| 007 | ta | ||
| 008 | 230509b bl.|||p| |||| 00| 00por d | ||
| 040 |
_aBR-BrBNA _bpor _cBiblioteca Nacional de Agricultura |
||
| 041 | _a(Pt) | ||
| 072 | _aE70 | ||
| 100 | 1 | _aPitelli, M.M. | |
| 100 | 1 | _aMoraes, M.A.F.D. de | |
| 245 | 1 | _aAnálise do impacto das variações institucionais européias sobre a governança do sistema agroindustrial brasileiro da carne bovina | |
| 650 | _aCARNE | ||
| 650 | _aBOI | ||
| 650 | _aINDUSTRIA AGRÍCOLA | ||
| 773 | 0 |
_tRevista de Economia e Sociologia Rural (Brazil) _xISSN 0103-2003 _g(Jan- Mar 2006), v. 44(1) p. 27-46 _wBR0810194 |
|
| 909 |
_a202311 _bLúcia _c55 _dLúcia Elande |
||
| 942 |
_2AGRIS _n0 _cANA |
||
| 999 |
_c200772 _d200772 |
||